Statistics for Characters From Preacher

Click here to take the quiz!

General Stats

  • This quiz has been taken 34 times
  • The average score is 6 of 9

Answer Stats

Character HintCharacter% Correct
Ex of the aboveTulip O'Hare
100%
VampireCassidy
96%
Main PreacherJesse Custer
93%
The start of everything?God
68%
Was a former German anti-terror operativeHerr Starr
61%
Abused in childhoodArseface
57%
Gods biddingsAngels
39%
Patron Saint of Murderers and AssassinationThe Saint of Killers
36%
Kicked by an officerSkeeter
4%

Score Distribution

Percentile by Number Answered

Percent of People with Each Score

Your Score History

You have not taken this quiz